Học tập - thư giãn - kiến thức : CD-ROM chuyên đề tin học. t.V
Đã lưu trong:
| 企業作者: | |
|---|---|
| 格式: | CD |
| 語言: | Vietnamese |
| 出版: |
Tp. Hồ Chí Minh :
Công ty phần mềm tin học Hồ Gia,
2008.
|
| 標簽: |
添加標簽
沒有標簽, 成為第一個標記此記錄!
|
| Thư viện lưu trữ: | Thư viện Trường Đại học Đà Lạt |
|---|
| LEADER | 00792nam a2200277 4500 | ||
|---|---|---|---|
| 001 | DLU080064407 | ||
| 005 | ##20081226 | ||
| 040 | # | # | |a DLU |b vie |
| 041 | # | # | |a vie |
| 044 | # | # | |a vn |
| 082 | # | # | |a 005 |b NHO |
| 110 | # | # | |a Nhóm phát triển phần mềm Hồ Gia. |
| 245 | # | # | |a Học tập - thư giãn - kiến thức : |b CD-ROM chuyên đề tin học. |n t.V |h [Đĩa CD-ROM] / |c Nhóm phát triển phần mềm Hồ Gia. |
| 256 | # | # | |a 4 3/4 in. |
| 260 | # | # | |a Tp. Hồ Chí Minh : |b Công ty phần mềm tin học Hồ Gia, |c 2008. |
| 300 | # | # | |a 1 CD-ROM ; |c 4 3/4 in. |
| 923 | # | # | |a 20/2008 |
| 992 | # | # | |a 16000 |
| 994 | # | # | |a DLU |
| 900 | # | # | |a True |
| 911 | # | # | |a Nguyễn Thanh Hương |
| 925 | # | # | |a CD |
| 926 | # | # | |a A |
| 927 | # | # | |a CD |
| 980 | # | # | |a Thư viện Trường Đại học Đà Lạt |